LEADER 00798nam0-22002891i-450- 001 990006132970403321 005 19980601 035 $a000613297 035 $aFED01000613297 035 $a(Aleph)000613297FED01 035 $a000613297 100 $a19980601d1937----km-y0itay50------ba 105 $a--------00-yy 200 1 $aCorso di economia politica corporativa$fGino Arias. 210 $aRoma$cSoc. ed.ce del Foro Italiano$d1937 215 $a510 p.$d24 cm 676 $a327.111 700 1$aArias,$bGino$f<1879-1940>$04206 801 0$aIT$bUNINA$gRICA$2UNIMARC 901 $aBK 912 $a990006132970403321 952 $aXV B 25$b22361$fFGBC 952 $aXV B 65$fFGBC 959 $aFGBC 996 $aCorso di economia politica corporativa$946480 997 $aUNINA DB $aGIU01 LEADER 01087nam--2200373---450- 001 990000822600203316 005 20060120142445.0 035 $a0082260 035 $aUSA010082260 035 $a(ALEPH)000082260USA01 035 $a0082260 100 $a20011221d2001----km-y0itay0103----ba 101 0 $aita 102 $aIT 105 $aa|||z|||001yy 200 1 $aPer antiche vie$ela giornata libera di un fotografo$fMaurizio Buscarino 210 $aMilano$cLeonardo Arte$d2001 215 $a279 p.$cfotograf.$d25 cm 410 0$12001 606 $aFotografie 676 $a779.0945 700 1$aBUSCARINO,$bMaurizio$0158619 801 0$aIT$bsalbc$gISBD 912 $a990000822600203316 951 $aXIII.5. 74(VII F 146)$b160603 L.M.$cVII F$d00078589 959 $aBK 969 $auma 979 $aCHIARA$b90$c20011221$lUSA01$h1238 979 $aCHIARA$b90$c20011221$lUSA01$h1242 979 $c20020403$lUSA01$h1728 979 $aPATRY$b90$c20040406$lUSA01$h1657 979 $aCOPAT6$b90$c20060120$lUSA01$h1424 996 $aPer antiche vie$9967183 997 $aUNISA